• 首页
  • 本馆介绍
  • 公告通知
  • 最新文献
  • 馆藏检索
  • 电子资源
  • 读者导购
  • 参考咨询
  • 我的图书馆
  • 登录
  • 详细信息显示
  • 放入我的书架
  • 预约/预借图书
  • 作者相关作品
  • 分类相关作品
  • 丛书相关作品
  • 出版社相关作品

书目信息

  • 表格格式
  • 工作单格式
  • 卡片格式
题名:
弗洛伊德心理学入门
    
 
作者: 霍尔 著 ;陈维正 译
分册:  
出版信息: 北京   商务印书馆  1985
页数: 119页
开本: 20cm
丛书名:
单 册:
中图分类: B84
科图分类:
主题词: 心理学
电子资源:
ISBN:
000 00741nam0 2200265 45
001 0185000113
005 20070802091800.71
010    @dCNY0.82
091    @a2017.342
100    @a19900921d1985 em y0chiy0121 ea
101 1  @achi@ceng
102    @aCN@b110000
105    @ay z 001yy
200 10 @a弗洛伊德心理学入门@Afu luo yi de xin li xue ru men@f(美)C·S·霍尔著@F(Mei)C·S·Huo Er Zhu@g陈维正译
210    @a北京@c商务印书馆@d1985
215    @a119页@d20cm
300    @a根据1954年英文本译出
600  1 @a弗洛伊德@bS.-精神分析学派
606 0  @a心理学
690    @aB84@v3
701  0 @a霍尔@4著
702  0 @a陈维正@Achen wei zheng@4译
801  0 @aCN@b深圳图书馆@c20070802
801  2 @aCN@bNLC@c20060524
905    @dB84@e133
    
    弗洛伊德心理学入门/(美)C·S·霍尔著/陈维正译.-北京:商务印书馆,1985
    119页;20cm
    根据1954年英文本译出
    
    ISBN :CNY0.82
    
●
相关链接 在E读中查询图书 在五车中查询图书 在当当中查询图书 在豆瓣中查询图书


正题名:弗洛伊德心理学入门     索取号:B84/133         预约/预借

序号 登录号 条形码 馆藏地/架位号 状态 备注
1 0158206   000524748   密集书库/ [索取号:B84/133] 在馆    
2 0158207   202391161   密集书库/ [索取号:B84/133] 在馆    
3 0158209   002043773   第一样本阅览室/ [索取号:B84/133] 在馆    
4 0790514   207905141   密集书库/ [索取号:B84/133] 在馆    
唐山师范学院图书馆 欢迎您!
大连网信软件有限公司© 版权所有